| 000 | 00849nam a2200169 i 4500 | ||
|---|---|---|---|
| 001 | 49218 | ||
| 003 | ES-MaACL | ||
| 005 | 20230906161915.0 | ||
| 007 | t| | ||
| 008 | 030710s1893 sp ||||1| spa d | ||
| 100 | 1 |
_aCortázar y Larrubia, Daniel de. _940829 |
|
| 245 | 1 | 0 |
_aExploraciones geológicas y geográficas en Méjico y en la América Central y Meridional _b: memoria / _cleida por Daniel Cortazar... en el Congreso Geográfico Hispano-Portugués-Americano celebrado en Madrid en el mes de octubre de 1892. |
| 260 |
_aMadrid : _b[s.n.], _c1893 ( _fImp. del "Memorial de Ingenieros") |
||
| 300 |
_a17 p. ; _c27 cm. |
||
| 711 | 0 | 4 |
_aCongreso Geográfico Hispano-Portugués-Americano ( _d1892. _cMadrid) _9376 |
| 852 |
_aES-MaACL _jT-898-F-8 _z.- Legado de Federico de Botella y de Hornos _z.- Enc. en un vol. facticio conservando la cub. original |
||
| 999 |
_c49218 _d49218 |
||